| 000 | 00525nam a2200193Ia 4500 | ||
|---|---|---|---|
| 003 | GCL | ||
| 008 | 140319s9999 xx 000 0 eng d | ||
| 040 |
_aGCL / _cGCL |
||
| 082 | 0 | 4 |
_a624.1834 _bE M |
| 100 | 1 | _aEL-DAKHAKHNI, W.M | |
| 245 | 1 | 0 |
_aMODERN DESING OF REINFORCED CONCRETE / _cEL-DAKHAKHNI, W.M |
| 260 |
_a[S.N] : _bTHE ANGLO EGYPTION BOKSHOP ، _c1990 |
||
| 300 | _a447 P | ||
| 650 | 0 | 4 | _aCONCRETE |
| 650 | 0 | 4 | _aBUILDING |
| 650 | 0 | 4 | _aSTRUCTURAL ENGINEERING |
| 650 | 0 | 4 | _aREINFORCED CONCRETE |
| 942 |
_2ddc _cBK |
||
| 999 |
_c20470 _d20470 |
||